Isolation of electron transport components from Microcystis Aeruginosa and Oscillatoria SP /
Saved in:
| Main Author: | |
|---|---|
| Format: | Thesis Book |
| Language: | English |
| Published: |
1988
|
| Subjects: | |
| Tags: |
Add Tag
No Tags, Be the first to tag this record!
|
| LEADER | 00871cam a2200277 4500 | ||
|---|---|---|---|
| 001 | u54982 | ||
| 003 | SIRSI | ||
| 008 | 900220s1988 si v 0 eng | ||
| 015 | |a X890089536 | ||
| 035 | |a AAF-9111 | ||
| 040 | |a UMM | ||
| 050 | 1 | |a QR99.6 | |
| 090 | 0 | 0 | |a QR99.6 |b Tan |
| 100 | 1 | 0 | |a Tan, Sian |
| 245 | 1 | 0 | |a Isolation of electron transport components from Microcystis Aeruginosa and Oscillatoria SP / |c by Tan Sian |
| 260 | |c 1988 | ||
| 300 | |a viii, 170 leaves : |b ill. ; |c 30cm | ||
| 502 | |a Dissertation (M.Sc.) -- National University of Singapore, 1988 | ||
| 504 | 0 | 0 | |a Bibliography: leaves 156-170 |
| 650 | 0 | |a Cyanobacteria |x Physiology | |
| 650 | 0 | |a Microcystis aeruginosa | |
| 650 | 0 | |a Oscillatoria | |
| 650 | 0 | |a Electron transport | |
| 948 | |a 16/03/1991 |b 28/08/2002 | ||
| 596 | |a 1 | ||
| 999 | |a QR99.6 TAN |w LC |c 1 |i A010688429 |l STACKS |m P01UTAMA |r Y |s Y |t TESIS |u 17/3/1992 | ||
